000 00692nam a2200205Ia 4500
003 GCL
008 140319s9999 xx 000 0 ara d
040 _aGCL /
_cGCL
082 0 4 _a923.2
_bس م
100 1 _aسليمان سليم البواب
245 1 0 _aمذكرات اسحاق رابين والسلام الكاذب /
_cسليمان سليم البواب
300 _a135 ص
490 _aالهيئة العامة للاستعلامات
_v0
650 0 4 _aالنزاع العربى الاسرائيلى
650 0 4 _aالتراجم الذاتية
650 0 4 _aالصهيونية
650 0 4 _aاسرائيل - تاريخ
650 0 4 _aرابين, اسحاق
942 _2ddc
_cBK
999 _c49137
_d49137